Szczegóły MARC21

Methoden des fremdsprachlichen Deutschunterrichts : eine Einführung /

003 -Nazwa inst., której nr kontr. jest w polu 001 [,]
    • @
    • Nazwa instytucji, której n kontrolny jest w polu 001
    • NUKAT
005 -DATA I CZAS OSTATNIEJ MODYFIKACJI [,]
    • @
    • pole kontrolne
    • 20241231105751.0
020 -Międzynarod. znormalizowany nr książki - ISBN [ , ]
    • a
    • Numer ISBN
    • 3468496761 Find
040 -Instytucja sporządzająca opis [ , ]
    • a
    • Instytucja, która sporządziła opis (NP)
    • LUBL U/ISA
    • c
    • Instytucja, która sporządziła rekord (NP)
    • LUBL U/ISA
    • d
    • Instytucja, która zmodyfikowała rekord (P)
    • LUBL U/EM
    • d
    • Instytucja, która zmodyfikowała rekord (P)
    • LUBL U/WAGs
942 -Rodzaj dokumentu [ , ]
    • c
    • Rodzaj dokumentu
    • Książka
100 -Hasło główne - nazwa osobowa [1, ]
    • a
    • Nazwa osobowa (NP)
    • Neuner, Gerd
    • d
    • Daty biograficzne (NP)
    • (1941- ).
    • 9
    • KHW
    • 522585
245 -Strefa tytułu i oznaczenia odpowiedzialności [1,0]
    • a
    • Tytuł
    • Methoden des fremdsprachlichen Deutschunterrichts : Find
    • b
    • Ciąg dalszy tytułu (NP)
    • eine Einführung / Find
    • c
    • Pozostałe elementy strefy tytułu i oznaczenia odpowiedzialności (NP)
    • Gerhard Neuner, Hans Hunfeld.
260 -Strefa adresu wydawniczego [ , ]
    • a
    • Miejsce wydania (P)
    • Berlin [etc.] :
    • b
    • Nazwa wydawcy (P)
    • Langenscheidt,
    • c
    • Data wydania (P)
    • cop. 1993.
300 -Strefa opisu fizycznego [ , ]
    • a
    • Określenie formy książki i/lub objętość (NP)
    • 184 s. :
    • b
    • Oznaczenie ilustracji (NP)
    • il. ;
    • c
    • Format (NP)
    • 30 cm.
336 -Typ zawartości [ , ]
    • a
    • Termin opisujący typ zawartości
    • Tekst
    • b
    • Kod określający zawartość
    • txt
    • 2
    • Źródło (terminu i kodu)
    • rdacontent
337 -Typ mediów [ , ]
    • a
    • Tryb odtwarzania
    • Bez urządzenia pośredniczącego
    • b
    • Kod typu mediów
    • n
    • 2
    • Źródło (terminu i kodu)
    • rdamedia
338 -Typ/rodzaj nośnika [ , ]
    • a
    • Hasło opisujące typ nośnika
    • Wolumin
    • b
    • Kod typu nośnika
    • nc
    • 2
    • Źródło (terminu i kodu)
    • rdacarrier
490 -Strefa serii i książki wielotomowej - forma nie do wyszukiwania [1, ]
    • a
    • Tytuł (P)
    • Fernstudieneinheit ; Find
    • v
    • Numeracja (P)
    • 4
830 -Hasło dodatkowe serii i opisu książki wielotomowej - tytuł ujednolicony/tytuł [ ,0]
    • a
    • Tytuł ujednolicony/tytuł (NP)
    • Fernstudienprojekt zur Fort- und Weiterbildung im Bereich Germanistik und Deutsch als Fremdsprache
    • v
    • Oznaczenie tomu (NP)
    • 4
    • 9
    • KHW
    • 415902
500 -Uwaga ogólna [ , ]
    • a
    • Uwaga ogólna (NP)
    • Na okł.: Fernstudienangebot - Germanistik - Deutsch als Fremdsprache.
504 -Uwaga dot. bibliogr. załącznikowej [ , ]
    • a
    • Uwaga dot. bibliografii załącznikowej
    • Bibliogr. s. 175-180.
650 -Hasło przedmiotowe [ ,7]
    • a
    • Hasło przedmiotowe
    • Język niemiecki
    • x
    • Określnik rzeczowy
    • studia i nauczanie
    • x
    • Określnik rzeczowy
    • obcojęzyczni.
    • 2
    • Źródło terminu
    • kaba
    • 9
    • KHW
    • 356855
700 -Hasło dodatkowe - nazwa osobowa [1, ]
    • a
    • Nazwa osobowa (NP)
    • Hunfeld, Hans Find
    • d
    • Daty biograficzne (NP)
    • (1936- ).
    • 9
    • KHW
    • 60458
920 -ISBN [ , ]
    • a
    • ISBN
    • 3-468-49676-1 Find
Lokalizacja Sygnatura Status udost. Data inwentaryzacji Numer inwentarzowy
BM 21995-11-16G.10780
BM 21995-11-16G.10781
BMGerm. Metodyka 01-31997-11-12G.12765
BMGerm. Metodyka 05-31998-09-30G.14139
BMGerm. Metodyka 02-31998-09-30G.14140
BMGerm. Metodyka 03-31998-09-30G.14141
BMGerm. Metodyka 04-31998-09-30G.14142
BMGERM. Metodyka nauczania 01 11998-09-30G.14143
BMMagazyn - duży format-31998-09-30G.14144
BMMagazyn - duży format-31998-09-30G.14145
G -61996-03-22G.11753